Les animaux symboles officiels des pays - Statistiques

Statistiques générales
  • Ce quiz a été pris 107 fois
  • Le résultat moyen est 5 sur 11
Statistiques - réponses
Hint Réponse % Correct
Nouvelle-Zélande Kiwi
85%
Allemagne Aigle noir
77%
Colombie Condor
62%
États-Unis Pygargue
55%
Érythrée Dromadaire
47%
Norvège Elan
45%
Vietnam Buffle
38%
Panama Grenouille
36%
Saint-Marin Cheval
31%
Japon Faisan
24%
Turquie Loup
22%
Aucun quiz correspondant
Distribution des résultats
% des personnes avec chaque résultat
Percentile par nombre de réponses
Votre historique - résultats
Vous n’avez pas pris ce quiz